000 00287nam a2200133Ia 4500
100 _aWilson/Gregory
942 _cBK
654 _aparallel
245 _aPractical Parallel Programming
260 _bPrentice Hall
_c1995
082 _a4.35
_bWIL
300 _a564
546 _aENGLISH
999 _c21613
_d21613